<?xml version="1.0" encoding="UTF-8"?>
<marc:record xmlns:marc="http://www.loc.gov/MARC21/slim" type="Bibliographic">
   <marc:leader>00000pam a2200000 c 4500</marc:leader>
   <marc:controlfield tag="001">95243962X</marc:controlfield>
   <marc:controlfield tag="003">DE-101</marc:controlfield>
   <marc:controlfield tag="005">20171203034308.0</marc:controlfield>
   <marc:controlfield tag="007">tu</marc:controlfield>
   <marc:controlfield tag="008">971210s1998    gw ||||| |||| 00||||ger  </marc:controlfield>
   <marc:datafield ind1=" " ind2=" " tag="015">
      <marc:subfield code="a">98,A31,0323</marc:subfield>
      <marc:subfield code="z">98,N07,0200</marc:subfield>
      <marc:subfield code="2">dnb</marc:subfield>
   </marc:datafield>
   <marc:datafield ind1="7" ind2=" " tag="016">
      <marc:subfield code="2">DE-101</marc:subfield>
      <marc:subfield code="a">95243962X</marc:subfield>
   </marc:datafield>
   <marc:datafield ind1=" " ind2=" " tag="020">
      <marc:subfield code="a">9783896231291</marc:subfield>
      <marc:subfield code="c">Pp. : DM 78.00, sfr 71.00, S 569.00</marc:subfield>
      <marc:subfield code="9">978-3-89623-129-1</marc:subfield>
   </marc:datafield>
   <marc:datafield ind1=" " ind2=" " tag="020">
      <marc:subfield code="a">3896231294</marc:subfield>
      <marc:subfield code="c">Pp. : DM 78.00, sfr 71.00, S 569.00</marc:subfield>
      <marc:subfield code="9">3-89623-129-4</marc:subfield>
   </marc:datafield>
   <marc:datafield ind1=" " ind2=" " tag="035">
      <marc:subfield code="a">(DE-599)DNB95243962X</marc:subfield>
   </marc:datafield>
   <marc:datafield ind1=" " ind2=" " tag="035">
      <marc:subfield code="a">(OCoLC)260070553</marc:subfield>
   </marc:datafield>
   <marc:datafield ind1=" " ind2=" " tag="040">
      <marc:subfield code="a">1140</marc:subfield>
      <marc:subfield code="b">ger</marc:subfield>
      <marc:subfield code="c">DE-101</marc:subfield>
      <marc:subfield code="d">9999</marc:subfield>
   </marc:datafield>
   <marc:datafield ind1=" " ind2=" " tag="041">
      <marc:subfield code="a">ger</marc:subfield>
   </marc:datafield>
   <marc:datafield ind1=" " ind2=" " tag="044">
      <marc:subfield code="c">XA-DE</marc:subfield>
   </marc:datafield>
   <marc:datafield ind1=" " ind2=" " tag="084">
      <marc:subfield code="a">17</marc:subfield>
      <marc:subfield code="a">330</marc:subfield>
      <marc:subfield code="a">380</marc:subfield>
      <marc:subfield code="a">650</marc:subfield>
      <marc:subfield code="a">670</marc:subfield>
      <marc:subfield code="q">DE-101</marc:subfield>
      <marc:subfield code="2">sdnb</marc:subfield>
   </marc:datafield>
   <marc:datafield ind1=" " ind2=" " tag="084">
      <marc:subfield code="a">10.13a</marc:subfield>
      <marc:subfield code="a">10.13a</marc:subfield>
      <marc:subfield code="a">10.11a</marc:subfield>
      <marc:subfield code="q">DE-101</marc:subfield>
      <marc:subfield code="2">sswd</marc:subfield>
   </marc:datafield>
   <marc:datafield ind1=" " ind2=" " tag="090">
      <marc:subfield code="a">b</marc:subfield>
   </marc:datafield>
   <marc:datafield ind1="1" ind2=" " tag="100">
      <marc:subfield code="0">(DE-588)137298692</marc:subfield>
      <marc:subfield code="0">http://d-nb.info/gnd/137298692</marc:subfield>
      <marc:subfield code="0">(DE-101)137298692</marc:subfield>
      <marc:subfield code="a">Eggert, Ulrich</marc:subfield>
      <marc:subfield code="d">1948-</marc:subfield>
      <marc:subfield code="e">Verfasser</marc:subfield>
      <marc:subfield code="4">aut</marc:subfield>
   </marc:datafield>
   <marc:datafield ind1="1" ind2="0" tag="245">
      <marc:subfield code="a">&#x98;Der&#x9c; Handel im 21. Jahrhundert</marc:subfield>
      <marc:subfield code="b">Perspektiven 2010, neue Kernzielgruppen, Discounter: die Gewinner?, Urban-Entertainment-Center, strategische Allianzen, Franchise-Modelle, die Champions-League des Verkaufs, netzgeführte Marken</marc:subfield>
      <marc:subfield code="c">Ulrich Eggert</marc:subfield>
   </marc:datafield>
   <marc:datafield ind1=" " ind2="1" tag="264">
      <marc:subfield code="a">Düsseldorf</marc:subfield>
      <marc:subfield code="a">Regensburg</marc:subfield>
      <marc:subfield code="b">Metropolitan-Verl.</marc:subfield>
      <marc:subfield code="c">1998</marc:subfield>
   </marc:datafield>
   <marc:datafield ind1=" " ind2=" " tag="300">
      <marc:subfield code="a">230 S.</marc:subfield>
      <marc:subfield code="b">graph. Darst.</marc:subfield>
      <marc:subfield code="c">22 cm</marc:subfield>
   </marc:datafield>
   <marc:datafield ind1=" " ind2=" " tag="336">
      <marc:subfield code="a">Text</marc:subfield>
      <marc:subfield code="b">txt</marc:subfield>
      <marc:subfield code="2">rdacontent</marc:subfield>
   </marc:datafield>
   <marc:datafield ind1=" " ind2=" " tag="337">
      <marc:subfield code="a">ohne Hilfsmittel zu benutzen</marc:subfield>
      <marc:subfield code="b">n</marc:subfield>
      <marc:subfield code="2">rdamedia</marc:subfield>
   </marc:datafield>
   <marc:datafield ind1=" " ind2=" " tag="338">
      <marc:subfield code="a">Band</marc:subfield>
      <marc:subfield code="b">nc</marc:subfield>
      <marc:subfield code="2">rdacarrier</marc:subfield>
   </marc:datafield>
   <marc:datafield ind1=" " ind2="7" tag="650">
      <marc:subfield code="0">(DE-588)4127747-8</marc:subfield>
      <marc:subfield code="0">http://d-nb.info/gnd/4127747-8</marc:subfield>
      <marc:subfield code="0">(DE-101)041277473</marc:subfield>
      <marc:subfield code="a">Einzelhandel</marc:subfield>
      <marc:subfield code="2">gnd</marc:subfield>
   </marc:datafield>
   <marc:datafield ind1=" " ind2="7" tag="650">
      <marc:subfield code="0">(DE-588)4068097-6</marc:subfield>
      <marc:subfield code="0">http://d-nb.info/gnd/4068097-6</marc:subfield>
      <marc:subfield code="0">(DE-101)040680975</marc:subfield>
      <marc:subfield code="a">Zukunft</marc:subfield>
      <marc:subfield code="2">gnd</marc:subfield>
   </marc:datafield>
   <marc:datafield ind1=" " ind2="7" tag="650">
      <marc:subfield code="0">(DE-588)4013974-8</marc:subfield>
      <marc:subfield code="0">http://d-nb.info/gnd/4013974-8</marc:subfield>
      <marc:subfield code="0">(DE-101)040139743</marc:subfield>
      <marc:subfield code="a">Einzelhandelsbetrieb</marc:subfield>
      <marc:subfield code="2">gnd</marc:subfield>
   </marc:datafield>
   <marc:datafield ind1=" " ind2="7" tag="650">
      <marc:subfield code="0">(DE-588)4124261-0</marc:subfield>
      <marc:subfield code="0">http://d-nb.info/gnd/4124261-0</marc:subfield>
      <marc:subfield code="0">(DE-101)041242610</marc:subfield>
      <marc:subfield code="a">Strategisches Management</marc:subfield>
      <marc:subfield code="2">gnd</marc:subfield>
   </marc:datafield>
   <marc:datafield ind1="0" ind2="0" tag="689">
      <marc:subfield code="0">(DE-588)4127747-8</marc:subfield>
      <marc:subfield code="0">http://d-nb.info/gnd/4127747-8</marc:subfield>
      <marc:subfield code="0">(DE-101)041277473</marc:subfield>
      <marc:subfield code="D">s</marc:subfield>
      <marc:subfield code="a">Einzelhandel</marc:subfield>
   </marc:datafield>
   <marc:datafield ind1="0" ind2="1" tag="689">
      <marc:subfield code="0">(DE-588)4068097-6</marc:subfield>
      <marc:subfield code="0">http://d-nb.info/gnd/4068097-6</marc:subfield>
      <marc:subfield code="0">(DE-101)040680975</marc:subfield>
      <marc:subfield code="D">s</marc:subfield>
      <marc:subfield code="a">Zukunft</marc:subfield>
   </marc:datafield>
   <marc:datafield ind1="0" ind2=" " tag="689">
      <marc:subfield code="5">DE-101</marc:subfield>
      <marc:subfield code="5">DE-101</marc:subfield>
   </marc:datafield>
   <marc:datafield ind1="1" ind2="0" tag="689">
      <marc:subfield code="0">(DE-588)4013974-8</marc:subfield>
      <marc:subfield code="0">http://d-nb.info/gnd/4013974-8</marc:subfield>
      <marc:subfield code="0">(DE-101)040139743</marc:subfield>
      <marc:subfield code="D">s</marc:subfield>
      <marc:subfield code="a">Einzelhandelsbetrieb</marc:subfield>
   </marc:datafield>
   <marc:datafield ind1="1" ind2="1" tag="689">
      <marc:subfield code="0">(DE-588)4124261-0</marc:subfield>
      <marc:subfield code="0">http://d-nb.info/gnd/4124261-0</marc:subfield>
      <marc:subfield code="0">(DE-101)041242610</marc:subfield>
      <marc:subfield code="D">s</marc:subfield>
      <marc:subfield code="a">Strategisches Management</marc:subfield>
   </marc:datafield>
   <marc:datafield ind1="1" ind2=" " tag="689">
      <marc:subfield code="5">DE-101</marc:subfield>
      <marc:subfield code="5">DE-101</marc:subfield>
   </marc:datafield>
   <marc:datafield ind1=" " ind2=" " tag="850">
      <marc:subfield code="a">DE-101a</marc:subfield>
      <marc:subfield code="a">DE-101b</marc:subfield>
   </marc:datafield>
   <marc:datafield ind1="4" ind2="2" tag="856">
      <marc:subfield code="m">V:DE-605</marc:subfield>
      <marc:subfield code="q">application/pdf</marc:subfield>
      <marc:subfield code="u">http://d-nb.info/95243962X/04</marc:subfield>
      <marc:subfield code="3">Inhaltsverzeichnis</marc:subfield>
   </marc:datafield>
   <marc:datafield ind1="r" ind2=" " tag="925">
      <marc:subfield code="a">ra</marc:subfield>
   </marc:datafield>
</marc:record>
